[Event "Baltic Sea Cup 2008"]
[Site "Ronne"]
[Date "2008.08.02"]
[Round "6"]
[White "Teschke, Olaf"]
[Black "Andersen, Dag"]
[Result "1-0"]
[WhiteElo "2298"]
[BlackElo "1944"]
[PlyCount "57"]
[EventDate "2008.07.29"]


1. e4 e5 2. Nf3 Nc6 3. Bb5 a6 4. Bxc6 dxc6 5. O-O Bg4 6. h3 Bxf3 7. Qxf3 Bd6 8.
d3 Ne7 9. Nd2 Ng6 10. Nc4 O-O 11. Ne3 Be7 12. Nf5 Bg5 13. Qg4 Bf6 14. Be3 b6
15. Rad1 c5 16. a4 a5 17. b3 Kh8 18. g3 Ne7 19. Nxe7 Qxe7 20. Kg2 g6 21. f4 h5
22. Qf3 exf4 23. gxf4 Rad8 24. f5 Be5 25. Kh1 Bd4 26. Bd2 Qh4 27. Qg2 f6 28.
Rf4 Qg5 29. Rg4 1-0

[Event "Baltic Sea Cup 2008"]
[Site "Ronne"]
[Date "2008.08.02"]
[Round "6"]
[White "Thjomoe, Hans Richard"]
[Black "Magnussen, Helge"]
[Result "0-1"]
[WhiteElo "1735"]
[BlackElo "2012"]
[PlyCount "34"]
[EventDate "2008.07.29"]


1. e4 e6 2. d4 d5 3. Nc3 Bb4 4. Bd2 dxe4 5. Qg4 Nf6 6. Qxg7 Rg8 7. Qh6 Qxd4 8.
O-O-O Ng4 9. Qxh7 Rh8 10. Qxe4 Bxc3 11. Qf3 Bxb2+ 12. Kb1 Nxf2 13. Bb5+ c6 14.
Ne2 Qf6 15. Bg5 Qxg5 16. Qxf2 Qxb5 17. Nc1 Bd4+ 0-1

[Event "Baltic Sea Cup 2008"]
[Site "Ronne"]
[Date "2008.08.02"]
[Round "6"]
[White "Valet, Richard"]
[Black "Adolfssen, Rico"]
[Result "1-0"]
[WhiteElo "2071"]
[BlackElo "1933"]
[PlyCount "39"]
[EventDate "2008.07.29"]


1. e4 e6 2. d4 d5 3. e5 c5 4. c3 Nc6 5. Nf3 Qb6 6. a3 Bd7 7. b4 cxd4 8. cxd4
Rc8 9. Be3 Nge7 10. Be2 Nf5 11. O-O Be7 12. Qd3 g5 13. g4 Ng7 14. Nc3 h5 15. h3
f5 16. exf6 Bxf6 17. Qg6+ Ke7 18. Bxg5 Ne8 19. Bxf6+ Nxf6 20. Qg7+ 1-0

[Event "Baltic Sea Cup 2008"]
[Site "Ronne"]
[Date "2008.08.02"]
[Round "6"]
[White "Vitiugov, Nikita"]
[Black "Savchenko, Boris"]
[Result "0-1"]
[WhiteElo "2616"]
[BlackElo "2578"]
[PlyCount "108"]
[EventDate "2008.07.29"]


1. d4 Nf6 2. Bg5 e6 3. e4 h6 4. Bxf6 Qxf6 5. Nc3 d6 6. Qd2 g5 7. Bc4 Bg7 8.
Nge2 Nc6 9. Rd1 Bd7 10. O-O O-O-O 11. Nb5 a6 12. Na3 Qg6 13. f3 h5 14. Qe3 g4
15. f4 d5 16. f5 Bh6 17. Qf2 exf5 18. exd5 Ne7 19. Nf4 Qg5 20. d6 cxd6 21. Qe1
Ng6 22. Nd5 Bc6 23. Qa5 Bxd5 24. Bxd5 f4 25. Rd3 Rd7 26. Rb3 Kb8 27. Nc4 Ne7
28. Qa4 Rhd8 29. Bxb7 Rxb7 30. Qxa6 Qd5 31. Nb6 Qc6 32. Qa5 f3 33. gxf3 Bg7 34.
c3 gxf3 35. Re1 Bf6 36. Kf1 f2 37. Re3 Bh4 38. d5 Qc5 39. Qxc5 dxc5 40. Re4 Nf5
41. Re5 Rg8 42. Rxf5 Rg1+ 43. Ke2 Re1+ 44. Kd3 f1=Q+ 45. Rxf1 Rxf1 46. a4 Bd8
47. Nd7+ Kc8 48. Rxb7 Kxb7 49. Nxc5+ Kc7 50. a5 Rh1 51. b4 Rxh2 52. b5 Ra2 53.
b6+ Kb8 54. Nd7+ Kc8 0-1

[Event "Baltic Sea Cup 2008"]
[Site "Ronne"]
[Date "2008.08.02"]
[Round "6"]
[White "Welz, Peter"]
[Black "Koop, Soeren"]
[Result "1-0"]
[WhiteElo "2169"]
[BlackElo "1897"]
[PlyCount "65"]
[EventDate "2008.07.29"]


1. e4 e5 2. Nf3 Nc6 3. d4 exd4 4. Nxd4 Bc5 5. Nb3 Bb6 6. a4 a6 7. Nc3 d6 8. Be2
h6 9. Bf4 Nf6 10. Bg3 Be6 11. a5 Ba7 12. O-O Qd7 13. Kh1 O-O 14. Nd2 Rfe8 15.
Bh4 g5 16. Bg3 Kg7 17. f4 Bg4 18. fxg5 hxg5 19. Rxf6 Bxe2 20. Qxe2 Kxf6 21. Qh5
Rh8 22. Nd5+ Kg7 23. Qxg5+ Kf8 24. Nc4 Bc5 25. Rf1 Nb4 26. Nf4 Rh7 27. c3 Nc6
28. Nd5 Rg7 29. Qh6 Rc8 30. Nf6 Qe6 31. Qh8+ Ke7 32. Qxg7 Qxc4 33. Nd5+ 1-0

[Event "Baltic Sea Cup 2008"]
[Site "Ronne"]
[Date "2008.08.03"]
[Round "7"]
[White "Adolfssen, Rico"]
[Black "Thjomoe, Hans Richard"]
[Result "1/2-1/2"]
[WhiteElo "1933"]
[BlackElo "1735"]
[PlyCount "77"]
[EventDate "2008.07.29"]


1. e4 c5 2. Nf3 d6 3. d4 cxd4 4. Nxd4 Nf6 5. Nc3 a6 6. Bc4 e6 7. Bb3 Be7 8. Qf3
Qc7 9. Be3 b5 10. O-O-O Nc6 11. e5 Bb7 12. exf6 Nxd4 13. fxg7 Rg8 14. Qh5 Nxb3+
15. axb3 Bf6 16. Qxh7 Rxg7 17. Qh8+ Ke7 18. Qh5 Rc8 19. Qe2 Rxg2 20. Bf4 Bg5
21. Bxg5+ Rxg5 22. Rhg1 Rc5 23. Rd2 b4 24. Ne4 Re5 25. f3 d5 26. Qf2 Rh5 27.
Ng3 Rh3 28. Re1 Rch8 29. Qd4 Rxh2 30. Qxb4+ Kd7 31. Ne2 Rh1 32. Rxh1 Rxh1+ 33.
Rd1 Rxd1+ 34. Kxd1 a5 35. Qf8 Kc6 36. b4 axb4 37. Nd4+ Kb6 38. Qxb4+ Ka6 39.
Qb5+ 1/2-1/2

[Event "Baltic Sea Cup 2008"]
[Site "Ronne"]
[Date "2008.08.03"]
[Round "7"]
[White "Andersen, Dag"]
[Black "Schmidt, Horst Hubert"]
[Result "1-0"]
[WhiteElo "1944"]
[BlackElo "1925"]
[PlyCount "75"]
[EventDate "2008.07.29"]


1. d4 d5 2. Nf3 Nf6 3. c4 c6 4. Nc3 e6 5. Bg5 Nbd7 6. e3 Bd6 7. Bd3 O-O 8. O-O
Qa5 9. a3 a6 10. Qc2 dxc4 11. Bxc4 b5 12. Bd3 Bb7 13. e4 e5 14. Bxf6 gxf6 15.
d5 Rac8 16. Qd2 Kh8 17. Nh4 Rg8 18. Nf5 Bf8 19. Qe2 Qd8 20. Rad1 c5 21. Bb1 c4
22. Qh5 Rg6 23. f4 Bc5+ 24. Kh1 Qg8 25. Nh4 Rg4 26. fxe5 Rxe4 27. Qf3 Rxe5 28.
Nf5 Qg5 29. Ne2 Rg8 30. Neg3 Ree8 31. b4 Ne5 32. Qe2 Bb6 33. Nd6 Re7 34. Rf5
Qh4 35. Qh5 Qg4 36. Rdf1 Qxh5 37. Nxh5 Ng4 38. Nxf6 1-0

[Event "Baltic Sea Cup 2008"]
[Site "Ronne"]
[Date "2008.08.03"]
[Round "7"]
[White "Brinck Claussen, Bjorn"]
[Black "Kogan, Artur"]
[Result "0-1"]
[WhiteElo "2296"]
[BlackElo "2569"]
[PlyCount "54"]
[EventDate "2008.07.29"]


1. e4 c5 2. Nf3 Nc6 3. d4 cxd4 4. Nxd4 Nf6 5. Nc3 d6 6. Bg5 Qb6 7. Nb3 e6 8.
Be2 a6 9. O-O Be7 10. a4 Ne5 11. a5 Qc7 12. f4 Ned7 13. Qe1 O-O 14. Kh1 Re8 15.
Bd3 Rb8 16. Ra4 b5 17. axb6 Nxb6 18. e5 Nfd5 19. exd6 Qxd6 20. Bxh7+ Kxh7 21.
Ne4 Qc7 22. Rf3 Kg8 23. Bxe7 Nxe7 24. Ra5 Bb7 25. Nbc5 Nf5 26. Nxb7 Qxb7 27.
Rxf5 exf5 0-1

[Event "Baltic Sea Cup 2008"]
[Site "Ronne"]
[Date "2008.08.03"]
[Round "7"]
[White "Christensen, Klaus"]
[Black "Kristensen, Kaare Hove"]
[Result "1-0"]
[WhiteElo "2034"]
[BlackElo "2259"]
[PlyCount "93"]
[EventDate "2008.07.29"]


1. d4 d5 2. c4 e6 3. g3 c5 4. cxd5 exd5 5. Nf3 Nc6 6. Bg2 Nf6 7. O-O Be7 8. h3
O-O 9. Nc3 Be6 10. Kh2 h6 11. Be3 c4 12. Qd2 Ne4 13. Nxe4 dxe4 14. Ng1 Bd5 15.
Rad1 f5 16. f3 exf3 17. exf3 Nb4 18. f4 Bxg2 19. Qxg2 Qd5 20. Nf3 Nxa2 21. Qd2
Nb4 22. Ne5 Bd6 23. Qc3 b5 24. h4 Qb7 25. Bf2 Nd5 26. Qf3 a5 27. g4 fxg4 28.
Qxg4 Rae8 29. Bg1 a4 30. Rd2 a3 31. bxa3 Bxa3 32. Rg2 Bd6 33. Qg6 Bxe5 34. dxe5
Qf7 35. Qe4 Nxf4 36. Rg4 g5 37. Rfxf4 Qh5 38. Rxf8+ Rxf8 39. e6 c3 40. e7 Re8
41. Bc5 Kg7 42. Bd4+ Kg8 43. Qe6+ Kh7 44. Bxc3 Qg6 45. Qe5 Qf7 46. hxg5 hxg5
47. Qxg5 1-0

[Event "Baltic Sea Cup 2008"]
[Site "Ronne"]
[Date "2008.08.03"]
[Round "7"]
[White "Christensen, Svend Ib"]
[Black "Kraft, Rene"]
[Result "0-1"]
[WhiteElo "1531"]
[BlackElo "1663"]
[PlyCount "98"]
[EventDate "2008.07.29"]


1. d4 b6 2. Nf3 Bb7 3. Bf4 e6 4. e3 Nc6 5. c3 Nf6 6. h3 Rc8 7. Be2 Bd6 8. Bxd6
cxd6 9. O-O Na5 10. Nbd2 Bxf3 11. Bxf3 d5 12. e4 dxe4 13. Nxe4 Nxe4 14. Bxe4
O-O 15. d5 f5 16. Bf3 e5 17. Be2 d6 18. Qa4 Rc7 19. Rac1 Qa8 20. c4 Qe8 21.
Qxe8 Rxe8 22. b3 Nb7 23. Bd3 e4 24. Bb1 a5 25. Rfe1 g6 26. Kf1 Rce7 27. g3 Kg7
28. Rc3 Kf6 29. Rce3 h5 30. h4 Re5 31. Bc2 g5 32. hxg5+ Kxg5 33. f4+ exf3 34.
Kf2 Kg4 35. Rxe5 Rxe5 36. Rxe5 dxe5 37. Bd1 e4 38. a3 h4 39. gxh4 Kxh4 40. b4
Kg4 41. d6 Nxd6 42. c5 bxc5 43. bxc5 Nc4 44. c6 e3+ 45. Kf1 Kg3 46. c7 Nd2+ 47.
Ke1 f2+ 48. Ke2 f1=Q+ 49. Kxe3 Qf4+ 0-1

[Event "Baltic Sea Cup 2008"]
[Site "Ronne"]
[Date "2008.08.03"]
[Round "7"]
[White "Evdokimov, Alexander A"]
[Black "Welz, Peter"]
[Result "1-0"]
[WhiteElo "2555"]
[BlackElo "2169"]
[PlyCount "71"]
[EventDate "2008.07.29"]


1. e4 e6 2. d4 d5 3. Nd2 c5 4. Ngf3 Nc6 5. exd5 exd5 6. Bb5 Bd6 7. O-O Nge7 8.
dxc5 Bxc5 9. Nb3 Bd6 10. h3 O-O 11. Bd3 h6 12. Re1 a5 13. a4 Bb8 14. Be3 Qd6
15. Bc5 Qf6 16. Nbd4 Bd6 17. Bxd6 Qxd6 18. c3 Qf6 19. Bc2 Ra6 20. Qd3 g6 21.
Nxc6 Rxc6 22. Qe3 Bf5 23. Qxe7 Bxc2 24. Nd4 Be4 25. Nxc6 Qxc6 26. f3 Bc2 27.
Qe3 Bxa4 28. Qxh6 Bc2 29. Qd2 Bb3 30. Re5 a4 31. Rae1 a3 32. bxa3 Qc5+ 33. Qd4
Qxa3 34. Re8 b5 35. Qf6 Bc4 36. R1e7 1-0

[Event "Baltic Sea Cup 2008"]
[Site "Ronne"]
[Date "2008.08.03"]
[Round "7"]
[White "Frisk, Hans"]
[Black "Andersen, Rune"]
[Result "1-0"]
[WhiteElo "2011"]
[BlackElo "2143"]
[PlyCount "63"]
[EventDate "2008.07.29"]


1. e4 c5 2. Nc3 Nc6 3. f4 g6 4. Nf3 Bg7 5. Be2 e6 6. d4 Nge7 7. dxc5 Qa5 8. Be3
f5 9. O-O Bxc3 10. bxc3 fxe4 11. Ne5 Qxc3 12. Qd2 Qxd2 13. Bxd2 Nd4 14. Bd1 b6
15. cxb6 d6 16. Nc4 Ba6 17. Nxd6+ Kd7 18. Nxe4 Bxf1 19. b7 Rab8 20. Kxf1 Nd5
21. c4 Nxf4 22. Nf6+ Ke7 23. Bxf4 Kxf6 24. Bxb8 Rxb8 25. Rb1 Ke7 26. c5 Nc6 27.
Ba4 Kd7 28. Rd1+ Kc7 29. Rd6 Rxb7 30. Rxc6+ Kb8 31. Rxe6 Rb1+ 32. Re1 1-0

[Event "Baltic Sea Cup 2008"]
[Site "Ronne"]
[Date "2008.08.03"]
[Round "7"]
[White "Golod, Vitali"]
[Black "Nielsen, Nicholas Roland"]
[Result "1-0"]
[WhiteElo "2578"]
[BlackElo "2198"]
[PlyCount "33"]
[EventDate "2008.07.29"]


1. d4 Nf6 2. c4 e6 3. Nc3 Bb4 4. Qc2 d5 5. a3 Bxc3+ 6. Qxc3 Ne4 7. Qc2 c5 8.
dxc5 Nc6 9. e3 Qa5+ 10. Bd2 Qxc5 11. b4 Qe7 12. Bc1 O-O 13. Nf3 b6 14. cxd5
exd5 15. Qxc6 Bd7 16. Qc2 Rac8 17. Qb2 1-0

[Event "Baltic Sea Cup 2008"]
[Site "Ronne"]
[Date "2008.08.03"]
[Round "7"]
[White "Gyimesi, Zoltan"]
[Black "Marzano, Carlo"]
[Result "1-0"]
[WhiteElo "2586"]
[BlackElo "2177"]
[PlyCount "75"]
[EventDate "2008.07.29"]


1. d4 Nc6 2. d5 Ne5 3. e4 e6 4. f4 Ng6 5. dxe6 fxe6 6. Nf3 Bc5 7. Bd3 Nh6 8. g3
d6 9. Nc3 a6 10. Qe2 O-O 11. Bd2 Bd7 12. O-O-O b5 13. Rdf1 Bb6 14. f5 exf5 15.
Nd5 c6 16. Bg5 Qb8 17. Bxh6 fxe4 18. Bxe4 gxh6 19. Nxb6 Qxb6 20. Qd3 Rf6 21.
Bxg6 hxg6 22. Ng5 Bf5 23. Qb3+ Kg7 24. g4 hxg5 25. gxf5 gxf5 26. Rhg1 Kg6 27.
h4 g4 28. h5+ Kxh5 29. Qg3 Kg6 30. Qf4 Raf8 31. Rh1 Kf7 32. Re1 Rg8 33. Rh7+
Rg7 34. Rxg7+ Kxg7 35. Qg5+ Kf7 36. Qh5+ Rg6 37. Qh7+ Rg7 38. Qxf5+ 1-0

[Event "Baltic Sea Cup 2008"]
[Site "Ronne"]
[Date "2008.08.03"]
[Round "7"]
[White "Hansen, Lars Bo"]
[Black "Iljushin, Alexei"]
[Result "1/2-1/2"]
[WhiteElo "2569"]
[BlackElo "2546"]
[PlyCount "37"]
[EventDate "2008.07.29"]


1. d4 d5 2. Nf3 Nf6 3. c4 c6 4. Nc3 a6 5. cxd5 cxd5 6. Bf4 Nc6 7. Rc1 e6 8. e3
Bd6 9. Bxd6 Qxd6 10. Bd3 O-O 11. O-O Bd7 12. a3 b5 13. e4 dxe4 14. Nxe4 Nxe4
15. Bxe4 f5 16. d5 fxe4 17. dxc6 Qxd1 18. Rfxd1 Bxc6 19. Rxc6 1/2-1/2

[Event "Baltic Sea Cup 2008"]
[Site "Ronne"]
[Date "2008.08.03"]
[Round "7"]
[White "Hansen, Martin"]
[Black "Berg, Peter"]
[Result "1-0"]
[WhiteElo "2128"]
[BlackElo "1998"]
[PlyCount "57"]
[EventDate "2008.07.29"]


1. e4 c6 2. d4 d5 3. Nc3 dxe4 4. Nxe4 Bf5 5. Ng3 Bg6 6. h4 h6 7. Nf3 Nd7 8. h5
Bh7 9. Bd3 Bxd3 10. Qxd3 Ngf6 11. Bd2 Qc7 12. O-O-O e6 13. Ne4 Nxe4 14. Qxe4
Nf6 15. Qe2 O-O-O 16. g3 Bd6 17. c4 c5 18. Bc3 Qc6 19. d5 Qa6 20. Kb1 Nxd5 21.
Bxg7 Rhg8 22. Be5 Be7 23. Rhe1 Nb4 24. a3 Nc6 25. Bc3 Na5 26. Bxa5 Qxa5 27. Ne5
Rxd1+ 28. Rxd1 Rf8 29. Nxf7 1-0

[Event "Baltic Sea Cup 2008"]
[Site "Ronne"]
[Date "2008.08.03"]
[Round "7"]
[White "Hansen, Soren Otto"]
[Black "Andersen, Jonas Odgaard"]
[Result "1-0"]
[WhiteElo "1682"]
[BlackElo "1000"]
[PlyCount "46"]
[EventDate "2008.07.29"]


1. e4 c5 2. Nf3 g6 3. d4 e6 4. Nc3 Nc6 5. Be3 Nf6 6. dxc5 Bg7 7. Qd2 h6 8.
O-O-O O-O 9. Bxh6 Bxh6 10. Qxh6 Ng4 11. Qd2 Qf6 12. h3 Nge5 13. Nxe5 Qxe5 14.
f4 Qxc5 15. g4 f5 16. gxf5 exf5 17. exf5 Qxf5 18. Bc4+ Kg7 19. Nd5 d6 20. Qc3+
Kh7 21. h4 Be6 22. h5 Bxd5 23. hxg6+ Kg8 1-0

[Event "Baltic Sea Cup 2008"]
[Site "Ronne"]
[Date "2008.08.03"]
[Round "7"]
[White "Hansen, Thomas"]
[Black "Jensen, Jan Kargaard"]
[Result "1/2-1/2"]
[WhiteElo "1364"]
[BlackElo "1813"]
[PlyCount "56"]
[EventDate "2008.07.29"]


1. e4 c5 2. Nf3 d6 3. Nc3 Nf6 4. d4 cxd4 5. Nxd4 a6 6. a4 b6 7. Bc4 e6 8. O-O
Qc7 9. Ba2 Nc6 10. Be3 Be7 11. f3 O-O 12. Qe2 Nxd4 13. Bxd4 Bb7 14. Qf2 Nd7 15.
Rad1 Rac8 16. Rfe1 Bc6 17. Kh1 Nc5 18. Qg3 g6 19. Bxc5 dxc5 20. e5 Rfd8 21. Bc4
Rxd1 22. Rxd1 Rd8 23. Rxd8+ Qxd8 24. Qe1 a5 25. Qe3 Qd4 26. Qxd4 cxd4 27. Ne2
Bxa4 28. b3 d3 1/2-1/2

[Event "Baltic Sea Cup 2008"]
[Site "Ronne"]
[Date "2008.08.03"]
[Round "7"]
[White "Hein, Jacob"]
[Black "Kristensen, Torben"]
[Result "1-0"]
[WhiteElo "1603"]
[BlackElo "1262"]
[PlyCount "109"]
[EventDate "2008.07.29"]


1. e4 e6 2. e5 d5 3. d4 c5 4. Be3 Nc6 5. Bb5 Nge7 6. dxc5 Nf5 7. Bd4 Qa5+ 8.
Nc3 Qb4 9. Bxc6+ bxc6 10. Nf3 Ba6 11. a3 Qxb2 12. Nxd5 Nxd4 13. Nc7+ Ke7 14.
Qxd4 Qxd4 15. Nxd4 Rd8 16. Nxc6+ Kd7 17. Nxd8 Kxc7 18. Nxf7 Rg8 19. Nd6 Be7 20.
c4 Kc6 21. O-O Kxc5 22. Rfd1 h5 23. Rac1 Rb8 24. Ne4+ Kc6 25. c5 Rb3 26. a4 Bd3
27. Rc3 Rxc3 28. Nxc3 Bf5 29. Nb5 Bxc5 30. Rc1 Kd5 31. Nc7+ Kd4 32. f4 Bb6 33.
Kf2 Ke4+ 34. Kg3 g6 35. h4 Bg4 36. Nb5 Be3 37. Nd6+ Kd4 38. Rc4+ Kd3 39. Rc7
Ke2 40. Ne4 Bf5 41. Nc3+ Kf1 42. Kf3 Bb6 43. Rg7 Bg4+ 44. Kg3 Bf2+ 45. Kh2 Bf5
46. a5 Bxh4 47. Rxa7 Bf2 48. Rb7 Bd3 49. Rb6 h4 50. Rxe6 Bg1+ 51. Kh1 Bd4 52.
Rd6 Bxc3 53. Rxd3 Bxa5 54. Rd6 Kf2 55. Rxg6 1-0

[Event "Baltic Sea Cup 2008"]
[Site "Ronne"]
[Date "2008.08.03"]
[Round "7"]
[White "Holt, Michael"]
[Black "Caceres, Cipriano Sande"]
[Result "0-1"]
[WhiteElo "1000"]
[BlackElo "1792"]
[PlyCount "66"]
[EventDate "2008.07.29"]


1. b3 e5 2. Bb2 Nc6 3. e3 Nf6 4. Nf3 d6 5. Be2 Be7 6. O-O O-O 7. d3 e4 8. Nd4
Nxd4 9. Bxd4 d5 10. Nd2 c5 11. Bb2 Bf5 12. d4 b6 13. c4 Qc7 14. dxc5 Bxc5 15.
cxd5 Nxd5 16. Qc2 Rae8 17. Bb5 Re7 18. Bc4 Bd6 19. Rac1 Bxh2+ 20. Kh1 Nf6 21.
g3 Bxg3 22. fxg3 Qxg3 23. Rxf5 Qh3+ 24. Kg1 Qxf5 25. Ba3 Re5 26. Bxf8 Qg4+ 27.
Kf2 Rf5+ 28. Ke1 Kxf8 29. Be2 Qg3+ 30. Kd1 Rc5 31. Nxe4 Nxe4 32. Qxe4 Qg1+ 33.
Kd2 Qxc1+ 0-1

[Event "Baltic Sea Cup 2008"]
[Site "Ronne"]
[Date "2008.08.03"]
[Round "7"]
[White "Jahncke, Giso"]
[Black "Svanholm, Borge Waaktaar"]
[Result "1-0"]
[WhiteElo "2052"]
[BlackElo "2003"]
[PlyCount "87"]
[EventDate "2008.07.29"]


1. e4 c5 2. Nf3 d6 3. d4 cxd4 4. Nxd4 Nf6 5. Nc3 a6 6. Be3 e5 7. Nb3 Be6 8. f3
Nbd7 9. g4 Nb6 10. g5 Nfd7 11. Qd2 Be7 12. h4 Rc8 13. Qf2 Nc4 14. Bxc4 Rxc4 15.
O-O-O b5 16. Nd5 Bxd5 17. Rxd5 Qc7 18. Kb1 O-O 19. Rhd1 Rc8 20. c3 Rc6 21. Na1
Rb8 22. Nc2 a5 23. Na3 b4 24. Nb5 Qb7 25. cxb4 axb4 26. Nxd6 Bxd6 27. Rxd6 Rxd6
28. Rxd6 b3 29. axb3 Nf8 30. Rb6 Qc8 31. Rxb8 Qxb8 32. Qe2 Ne6 33. Qc4 g6 34.
b4 Qd8 35. Qd5 Qc7 36. b5 Qa5 37. Qxe5 Qe1+ 38. Bc1 Qe2 39. Qd5 Qxf3 40. b6 Qg3
41. b7 Qc7 42. Qb5 Qb8 43. Qc6 Nc7 44. Bf4 1-0

[Event "Baltic Sea Cup 2008"]
[Site "Ronne"]
[Date "2008.08.03"]
[Round "7"]
[White "Jannik, Morten Emil"]
[Black "Madsen, Jens Finnerup"]
[Result "1-0"]
[WhiteElo "1534"]
[BlackElo "1162"]
[PlyCount "81"]
[EventDate "2008.07.29"]


1. e4 e5 2. Bc4 Bc5 3. Nf3 d6 4. O-O h6 5. c3 Nc6 6. d3 Nf6 7. Nbd2 O-O 8. b4
Bb6 9. Bb3 a6 10. Nc4 Ba7 11. Ne3 Be6 12. Bc2 Qe7 13. Re1 Rad8 14. a4 Nb8 15.
Bb2 c5 16. b5 a5 17. d4 Qc7 18. d5 Bc8 19. Nh4 Qe7 20. Nhf5 Bxf5 21. Nxf5 Qd7
22. Qf3 Kh7 23. Bc1 Ng8 24. Be3 f6 25. Qg3 Qf7 26. Kh1 Qg6 27. Qxg6+ Kxg6 28.
g4 Rd7 29. Rg1 Ne7 30. Rg2 Kf7 31. Rag1 Nxf5 32. gxf5 g5 33. fxg6+ Kg7 34. Rg3
Rdd8 35. Bxh6+ Kg8 36. Bxf8 Kxf8 37. g7+ Kg8 38. Rh3 Kf7 39. Rh8 Rg8 40. Bd1
Rxg7 41. Bh5+ 1-0

[Event "Baltic Sea Cup 2008"]
[Site "Ronne"]
[Date "2008.08.03"]
[Round "7"]
[White "Jensen, Byrial"]
[Black "Andersen, Daniel"]
[Result "1/2-1/2"]
[WhiteElo "1656"]
[BlackElo "1969"]
[PlyCount "127"]
[EventDate "2008.07.29"]


1. e4 e6 2. d4 d5 3. exd5 Qxd5 4. Nc3 Bb4 5. Qd3 Nf6 6. Bd2 Bxc3 7. Bxc3 Ne4 8.
Nf3 b6 9. Qb5+ Qxb5 10. Bxb5+ c6 11. Bd3 Nxc3 12. bxc3 Bb7 13. O-O Nd7 14. a4
c5 15. Nd2 Ke7 16. a5 Rhd8 17. axb6 axb6 18. Rfb1 Rxa1 19. Rxa1 Ra8 20. Rxa8
Bxa8 21. f4 Nf6 22. g3 Nd5 23. dxc5 bxc5 24. Ne4 c4 25. Bxc4 Nxf4 26. Nd2 Nd5
27. Bxd5 Bxd5 28. Kf2 f5 29. Ke3 e5 30. c4 Bc6 31. Nb3 g5 32. c5 Ba4 33. Kd3
Ke6 34. Kc4 f4 35. gxf4 exf4 36. Nd4+ Ke5 37. Kd3 h5 38. c6 g4 39. c7 Bd7 40.
Nc6+ Kd6 41. Nd4 Kxc7 42. Ke4 f3 43. Ke3 Kd6 44. Nb3 Ke5 45. Nd2 Bc6 46. Nf1 h4
47. Nd2 Kf5 48. Nf1 Bb5 49. Nd2 Ke5 50. c4 Ba6 51. c5 Bb5 52. Ne4 Bc6 53. Nd2
Bb7 54. Nf1 Kf5 55. Nd2 Ke5 56. Nf1 Kd5 57. Kf4 Ba6 58. Ne3+ Kd4 59. Nxg4 Kxc5
60. Kxf3 Bb7+ 61. Kf4 h3 62. Nf2 Bg2 63. Kg3 Kd6 64. Nxh3 1/2-1/2

[Event "Baltic Sea Cup 2008"]
[Site "Ronne"]
[Date "2008.08.03"]
[Round "7"]
[White "Koop, Soeren"]
[Black "Johansen, Johnny Holler"]
[Result "1-0"]
[WhiteElo "1897"]
[BlackElo "2029"]
[PlyCount "85"]
[EventDate "2008.07.29"]


1. e4 e6 2. d4 d5 3. Nc3 Nf6 4. e5 Nfd7 5. f4 c5 6. Nf3 Nc6 7. Be3 a6 8. Qd2 b5
9. a3 Bb7 10. Be2 Be7 11. h4 Qa5 12. Kf2 Qb6 13. g4 cxd4 14. Nxd4 Bc5 15. Rhd1
Nxd4 16. Bxd4 Bxd4+ 17. Qxd4 Qxd4+ 18. Rxd4 f6 19. exf6 gxf6 20. Bf3 e5 21. Rb4
e4 22. Be2 Bc6 23. a4 bxa4 24. Nxa4 a5 25. Rd4 Rb8 26. Nc3 Rxb2 27. Nxd5 Bxd5
28. Rxd5 Rxc2 29. Raxa5 Ke7 30. Ra7 Rd8 31. Ke3 Ke6 32. Rd4 Rc3+ 33. Kd2 Rc6
34. Bb5 Rd6 35. Rxd6+ Kxd6 36. Rxd7+ Rxd7 37. Bxd7 Kxd7 38. Ke3 Ke6 39. Kxe4 h6
40. h5 Ke7 41. Kd5 Kf7 42. f5 Ke7 43. Kc6 1-0

[Event "Baltic Sea Cup 2008"]
[Site "Ronne"]
[Date "2008.08.03"]
[Round "7"]
[White "Koop, Th Boerge"]
[Black "Kristiansen, Orla"]
[Result "1/2-1/2"]
[WhiteElo "1568"]
[BlackElo "1940"]
[PlyCount "62"]
[EventDate "2008.07.29"]


1. e4 e6 2. d4 d5 3. Nc3 Bb4 4. e5 c5 5. Qg4 Ne7 6. dxc5 Nbc6 7. Bd2 Qc7 8. Nf3
Ng6 9. Bb5 Bxc5 10. Qh5 Bd7 11. Bxc6 Bxc6 12. Qg4 O-O-O 13. O-O-O h5 14. Qg3 d4
15. Ne2 d3 16. Nc3 dxc2 17. Kxc2 Be4+ 18. Kc1 Bf5 19. Be3 Bxe3+ 20. fxe3 Qc5
21. Ng5 Nxe5 22. e4 Bg4 23. Rxd8+ Rxd8 24. Kb1 Rd2 25. Rc1 Nc4 26. Na4 Qe5 27.
Qc3 b5 28. b3 Qxc3 29. Rxc3 Rd1+ 30. Kc2 Rd2+ 31. Kb1 Rd1+ 1/2-1/2

[Event "Baltic Sea Cup 2008"]
[Site "Ronne"]
[Date "2008.08.03"]
[Round "7"]
[White "Lilleoren, Morten"]
[Black "Andersen, Harry"]
[Result "1/2-1/2"]
[WhiteElo "2105"]
[BlackElo "1904"]
[PlyCount "43"]
[EventDate "2008.07.29"]


1. c4 Nf6 2. g3 g6 3. Bg2 c6 4. Nf3 Bg7 5. O-O O-O 6. b3 Ne4 7. d4 d5 8. Bb2
dxc4 9. bxc4 c5 10. e3 Nc6 11. Qc2 Bf5 12. Qb3 Na5 13. Qa4 Rc8 14. Na3 Nd6 15.
Rac1 cxd4 16. Bxd4 Bd3 17. Rfd1 Bxd4 18. Nxd4 Bxc4 19. Nxc4 Naxc4 20. Qxa7 Nb2
21. Rxc8 Qxc8 22. Rb1 1/2-1/2

[Event "Baltic Sea Cup 2008"]
[Site "Ronne"]
[Date "2008.08.03"]
[Round "7"]
[White "Lund, Silas"]
[Black "Hansen, Mads"]
[Result "1-0"]
[WhiteElo "2431"]
[BlackElo "2041"]
[PlyCount "73"]
[EventDate "2008.07.29"]


1. d4 d5 2. c4 c6 3. Nf3 Nf6 4. e3 Bf5 5. Nc3 e6 6. Nh4 Bg6 7. Be2 Nbd7 8. Bd2
Bd6 9. Rc1 Ne4 10. Nxg6 Nxc3 11. bxc3 hxg6 12. cxd5 cxd5 13. c4 dxc4 14. Bxc4
O-O 15. O-O Qe7 16. Bb3 Rfc8 17. Qf3 Nf6 18. g4 Ba3 19. Rb1 a5 20. Ba4 Bb4 21.
Bxb4 axb4 22. Bb3 Rc3 23. h3 Rac8 24. Kg2 Qc7 25. Rfd1 Qc6 26. g5 Nd5 27. Bxd5
exd5 28. Rxb4 Rc2 29. Rdb1 Rc7 30. Rb6 Qd7 31. R1b5 Qe7 32. Rxd5 Rxa2 33. Re5
Qd7 34. Qe4 Rxf2+ 35. Kxf2 Qxh3 36. Rc5 Qh2+ 37. Qg2 1-0

[Event "Baltic Sea Cup 2008"]
[Site "Ronne"]
[Date "2008.08.03"]
[Round "7"]
[White "Magnussen, Helge"]
[Black "Mejlvang, Jens Peter"]
[Result "1/2-1/2"]
[WhiteElo "2012"]
[BlackElo "1845"]
[PlyCount "112"]
[EventDate "2008.07.29"]


1. d4 f5 2. g3 Nf6 3. Bg2 g6 4. Nf3 Bg7 5. O-O O-O 6. c4 d6 7. Nc3 Qe8 8. b3
Na6 9. Bb2 c6 10. a3 e5 11. dxe5 dxe5 12. e4 f4 13. Qd6 fxg3 14. hxg3 Ng4 15.
Rad1 Nh6 16. Ne1 Nf7 17. Qd2 Nc5 18. Qc2 Ng5 19. Nd3 Nf3+ 20. Bxf3 Rxf3 21.
Nxc5 Bh3 22. Rfe1 g5 23. Rd3 Qh5 24. Nd1 Bg4 25. Ne3 Raf8 26. Nxg4 Qxg4 27.
Rxf3 Rxf3 28. Qe2 h5 29. Ne6 Bh6 30. Bc1 h4 31. Nxg5 Bxg5 32. Bxg5 hxg3 33.
Qxf3 Qxf3 34. Be3 g2 35. Kh2 Qxe4 36. Kg3 Qd3 37. Kxg2 Qxb3 38. Bxa7 Qxa3 39.
Be3 Qc3 40. Rc1 Qd3 41. c5 Kf7 42. Kf3 Ke6 43. Rg1 Kd5 44. Rc1 e4+ 45. Kf4 Qe2
46. Rg1 Qf3+ 47. Kg5 Ke5 48. Kh4 Qf6+ 49. Rg5+ Ke6 50. Kh5 Qf3+ 51. Kh4 Qh1+
52. Kg4 Qd1+ 53. Kg3 Kf6 54. Rg4 Qf3+ 55. Kh4 Qh1+ 56. Kg3 Qg1+ 1/2-1/2

[Event "Baltic Sea Cup 2008"]
[Site "Ronne"]
[Date "2008.08.03"]
[Round "7"]
[White "Rostgaard, Tobias Valentin"]
[Black "Poulsen, Iver"]
[Result "1/2-1/2"]
[WhiteElo "2035"]
[BlackElo "2147"]
[PlyCount "37"]
[EventDate "2008.07.29"]


1. e4 c5 2. Nf3 e6 3. d4 cxd4 4. Nxd4 Nc6 5. Nc3 Qc7 6. Be3 a6 7. Be2 Nf6 8. a3
Be7 9. O-O d6 10. a4 Na5 11. f3 b6 12. Nb3 Nc6 13. Qd2 Bb7 14. Rfd1 O-O 15. a5
bxa5 16. Na4 Nd7 17. Bf4 Nde5 18. Be3 Nd7 19. Bf4 1/2-1/2

[Event "Baltic Sea Cup 2008"]
[Site "Ronne"]
[Date "2008.08.03"]
[Round "7"]
[White "Urkedal, Frode Olav Olsen"]
[Black "Vitiugov, Nikita"]
[Result "0-1"]
[WhiteElo "2299"]
[BlackElo "2616"]
[PlyCount "56"]
[EventDate "2008.07.29"]


1. d4 d5 2. c4 e6 3. Nc3 Bb4 4. Nf3 Nf6 5. Bg5 Nbd7 6. e3 c5 7. cxd5 exd5 8.
Bb5 Qa5 9. Bxf6 Qxb5 10. Bxg7 Rg8 11. Be5 Rxg2 12. Bg3 Nf6 13. Ne5 Ne4 14. Rc1
Be6 15. Qd3 c4 16. Qe2 Bxc3+ 17. bxc3 O-O-O 18. Qc2 Bf5 19. a4 Qb6 20. Rb1 Nxg3
21. Rxb6 Bxc2 22. hxg3 axb6 23. Kf1 Be4 24. Rh4 f6 25. Ng4 Rd6 26. Rh6 Kc7 27.
Nxf6 Rxf6 28. Rxf6 Rh2 0-1